| 000 | 00538nam a2200205Ia 4500 | ||
|---|---|---|---|
| 005 | 20230417170332.0 | ||
| 008 | 230125s9999 xx 000 0 und d | ||
| 020 | _a9788189297381 | ||
| 041 | _aeng | ||
| 082 |
_a920.71 _bSIN |
||
| 100 | _aSingh V P | ||
| 245 |
_aDr. B. R. Ambedkar _bPillar of Unity |
||
| 260 |
_c2008 _bVijay Goel _aDelhi |
||
| 300 | _a152p | ||
| 500 | _aBiography;Biography-Men | ||
| 650 |
_aBiography;Biography-Men _9119155 |
||
| 700 |
_aSingh V P & Sudhir Tilloo, Donor _9115975 |
||
| 906 | _b125 | ||
| 942 | _cDB | ||
| 999 |
_c93704 _d93704 |
||